Definitívne údaje o úrode poľnohospodárskych plodín a zeleniny v SR za rok 2013

Salvato in:
Dettagli Bibliografici
Natura: Libro
Lingua:slovacco
Pubblicazione: Bratislava Štatistický úrad Slovenskej republiky 2014
Soggetti:
Tags: Aggiungi Tag
Nessun Tag, puoi essere il primo ad aggiungerne!!

MARC

LEADER 00000nlm a2200000 4500
001 0206111
005 20240514072448.5
020 |a 978-80-8121-340-3 
041 0 |a slo 
044 |a SK 
245 1 0 |a Definitívne údaje o úrode poľnohospodárskych plodín a zeleniny v SR za rok 2013 
264 1 |a Bratislava  |b Štatistický úrad Slovenskej republiky  |c 2014 
300 |a 24 s. 
500 |a Zdroj dokumentu: Štatistický úrad SR 
610 2 0 |a plodiny poľnohospodárske 
610 2 0 |a zelenina 
610 2 0 |a úroda 
610 2 0 |a Slovensko